Country Names in Naturian - Statistics

General Stats
  • This quiz has been taken 15 times
  • The average score is 9 of 20
Answer Stats
Naturian English % Correct
Unaik Rastanur ku-Amarika United States
93%
Sindzabu India
86%
Dzipanur ku-Pilipi Philippines
86%
Barma Myanmar
79%
Avaganican Afghanistan
50%
Ducibu Germany
50%
Sindzoneca Indonesia
50%
Malaibu Malaysia
50%
Rucibu Russia
50%
Taibu Thailand
50%
Bagalteci Bangladesh
43%
Yeleni Greece
43%
Madzarobu Hungary
43%
Miciri Egypt
36%
Ocuralbu Australia
29%
Adziribu Azerbaijan
29%
Kamayibu Cambodia
29%
Magulbu Mongolia
21%
Madzivinur Maldives
14%
Haibu Armenia
7%
No matching quizzes found
Score Distribution
Percent of People with Each Score
Percentile by Number Answered
Your Score History
You have not taken this quiz